00971 2200325 4500001002100000005001500021035002000036007000300056008004100059020002200100040002200122082001500144084001700159090002100176090002200197100002700219245010100246250003100347300004800378500002600426650001500452700002600467850001200493041000800505264003600513336002100549337003000570338002300600990002200623INLIS00000000085055020190822082613 a0010-0819000452ta190822s2019 yoia a 0 ind d a978-623-7210-99-3 aYOPDYOGbinderda04223a372.52 a372.52 SAM e aDEP 372.52 SAM e aCB-D.11 2019-11571 aSammy, KakeIlustrator10aEdu book : mewarnai alat transportasi /cKak Sammy; penyunting, Karin Lee; ilustrator, Kak Sammy aCetakan pertama, Juni 2019 aiv, 40 halaman :bilustrasi gambar ;c26 cm aTerdapat bonus stiker 4aMenggambar0 aKarin LeegPenyunting aYOPDYOG0 aind3 aYogyakarta :bPlayground,c2019 2rdacontentateks 2rdamediaatanpa perantara 2rdacarrieravolume aCB-D.11/2019-1157